Great West Indians : (Record no. 129958)
[ view plain ]
| 000 -LEADER | |
|---|---|
| fixed length control field | 00718nam a22002297a 4500 |
| 005 - DATE AND TIME OF LATEST TRANSACTION | |
| control field | 20170124110105.0 |
| 010 ## - LIBRARY OF CONGRESS CONTROL NUMBER | |
| LC control number | A-835087 |
| 020 ## - INTERNATIONAL STANDARD BOOK NUMBER | |
| Terms of availability | 00.00 |
| International Standard Book Number | 0582750423 |
| 035 ## - SYSTEM CONTROL NUMBER | |
| System control number | A-835087 |
| 037 ## - SOURCE OF ACQUISITION | |
| Source of stock number/acquisition | Cen Lib/Ret |
| 040 ## - CATALOGING SOURCE | |
| Original cataloging agency | DPL |
| Language of cataloging | EN |
| 082 ## - DEWEY DECIMAL CLASSIFICATION NUMBER | |
| Classification number | 920 |
| Item number | MIL |
| 100 ## - MAIN ENTRY--PERSONAL NAME | |
| Personal name | Mills, Therese |
| 9 (RLIN) | 27903 |
| 245 ## - TITLE STATEMENT | |
| Title | Great West Indians : |
| Statement of responsibility, etc | by Therese Mills; illustrated by Tony Evora |
| Remainder of title | life stories for young readers / |
| 260 ## - PUBLICATION, DISTRIBUTION, ETC. (IMPRINT) | |
| Place of publication, distribution, etc | London |
| Name of publisher, distributor, etc | Longman Caribbean |
| Date of publication, distribution, etc | 1973 |
| 270 ## - ADDRESS | |
| City | London |
| 300 ## - PHYSICAL DESCRIPTION | |
| Extent | iv,99p. : |
| Dimensions | 18cm(Hb) |
| Other physical details | ill. |
| 650 ## - SUBJECT ADDED ENTRY--TOPICAL TERM | |
| Topical term or geographic name as entry element | Caribbean Area -- Biography -- Juvenile literature |
| 9 (RLIN) | 27904 |
| 650 ## - SUBJECT ADDED ENTRY--TOPICAL TERM | |
| Topical term or geographic name as entry element | Caribbean Area |
| 9 (RLIN) | 27905 |
| 700 ## - ADDED ENTRY--PERSONAL NAME | |
| Personal name | Evora, Tony |
| 9 (RLIN) | 27899 |
| 942 ## - ADDED ENTRY ELEMENTS (KOHA) | |
| Source of classification or shelving scheme | Dewey Decimal Classification |
| Koha item type | English Books |
| Classification part | 921 |
| Call number suffix | GRE |
| Withdrawn status | Lost status | Damaged status | Not for loan | Home library | Current library | Date acquired | Source of acquisition | Cost, normal purchase price | Total Checkouts | Full call number | Barcode | Date last seen | Copy number | Cost, replacement price | Price effective from | Koha item type |
|---|---|---|---|---|---|---|---|---|---|---|---|---|---|---|---|---|
| Central Library | Central Library | 08/07/2015 | Cen Lib/Ret | 0.00 | 920 MIL | A-835087 | 08/07/2015 | 1 | 0.00 | 08/07/2015 | English Books |
